[Event "Irena Warakomska Memorial 2019"]
[Site "Suwalki"]
[Date "2019.08.08"]
[Round "5"]
[White "Licznerski, Lukasz"]
[Black "Greenfeld, Alon"]
[Result "0-1"]
[Board "12"]
[WhiteElo "2341"]
[WhiteTitle "FM"]
[WhiteCountry "POL"]
[WhiteFideId "1179250"]
[WhiteEloChange "-5"]
[BlackElo "2510"]
[BlackTitle "GM"]
[BlackCountry "ISR"]
[BlackFideId "2800039"]
[BlackEloChange "3"]

1. e4 {[%clk 1:25:23]} c5 {[%clk 1:29:23]} 2. c3 {[%clk 1:25:37]} d5 {[%clk
1:23:42]} 3. exd5 {[%clk 1:25:52]} Qxd5 {[%clk 1:23:30]} 4. d4 {[%clk 1:26:19]}
Nf6 {[%clk 1:22:49]} 5. Nf3 {[%clk 1:26:15]} e6 {[%clk 1:23:03]} 6. Na3 {[%clk
1:24:46]} Nc6 {[%clk 1:18:27]} 7. Be2 {[%clk 1:23:33]} Be7 {[%clk 1:11:17]} 8.
Nb5 {[%clk 1:19:31]} Qd8 {[%clk 1:10:14]} 9. dxc5 {[%clk 1:19:18]} Bxc5 {[%clk
1:02:43]} 10. Qxd8+ {[%clk 1:18:15]} Kxd8 {[%clk 1:03:09]} 11. Bf4 {[%clk
1:02:47]} Ke7 {[%clk 0:35:07]} 12. b4 {[%clk 0:53:49]} Nd5 {[%clk 0:34:40]} 13.
Bg5+ {[%clk 0:49:20]} f6 {[%clk 0:35:03]} 14. bxc5 {[%clk 0:49:46]} fxg5 {[%clk
0:35:28]} 15. Nxg5 {[%clk 0:49:43]} a6 {[%clk 0:35:17]} 16. Nd4 {[%clk 0:42:22]}
Nxc3 {[%clk 0:33:37]} 17. Nxc6+ {[%clk 0:41:39]} bxc6 {[%clk 0:34:03]} 18. Bf3
{[%clk 0:35:54]} Ra7 {[%clk 0:21:42]} 19. Kd2 {[%clk 0:30:13]} Nd5 {[%clk
0:20:28]} 20. Rab1 {[%clk 0:26:15]} a5 {[%clk 0:15:24]} 21. Rhc1 {[%clk 0:08:16]}
Nb4 {[%clk 0:09:57]} 22. Rc3 {[%clk 0:05:11]} Rd7+ {[%clk 0:06:39]} 23. Ke1
{[%clk 0:01:59]} Rhd8 {[%clk 0:04:52]} 24. a3 {[%clk 0:01:27]} Nd3+ {[%clk
0:03:27]} 25. Kf1 {[%clk 0:01:56]} Ba6 {[%clk 0:03:51]} 26. Kg1 {[%clk 0:01:59]}
Ne5 {[%clk 0:03:32]} 27. Re1 {[%clk 0:00:34]} Nxf3+ {[%clk 0:03:36]} 28. Rxf3
{[%clk 0:00:45]} Rd1 {[%clk 0:03:42]} 29. Re3 {[%clk 0:01:09]} Bc4 {[%clk
0:03:38]} 30. f4 {[%clk 0:01:04]} R8d3 {[%clk 0:02:58]} 31. Rxd3 {[%clk 0:00:35]}
Rxe1+ {[%clk 0:02:33]} 32. Kf2 {[%clk 0:01:05]} Ra1 {[%clk 0:02:40]} 33. Re3
{[%clk 0:00:35]} Ra2+ {[%clk 0:02:55]} 34. Kg1 {[%clk 0:00:32]} Bd5 {[%clk
0:03:11]} 35. g3 {[%clk 0:00:31]} Rg2+ {[%clk 0:02:27]} 36. Kf1 {[%clk 0:01:01]}
Rxh2 {[%clk 0:02:45]} 37. f5 {[%clk 0:00:32]} Rh5 {[%clk 0:02:53]} 38. Nxe6
{[%clk 0:00:51]} Rxf5+ {[%clk 0:03:14]} 39. Nf4+ {[%clk 0:01:13]} Kf6 {[%clk
0:02:03]} 40. Kg1 {[%clk 0:30:31]} g5 {[%clk 0:31:15]} 41. Ne2 {[%clk 0:17:41]}
Rf3 {[%clk 0:22:51]} 42. Rxf3+ {[%clk 0:17:43]} Bxf3 {[%clk 0:23:19]} 43. Nd4
{[%clk 0:18:12]} Bd5 {[%clk 0:23:37]} 44. Kf2 {[%clk 0:18:33]} Ke5 {[%clk
0:23:34]} 45. Ke3 {[%clk 0:18:58]} h5 {[%clk 0:23:30]} 46. Ne2 {[%clk 0:18:30]}
Bc4 {[%clk 0:21:05]} 47. Nd4 {[%clk 0:18:32]} Bd5 {[%clk 0:18:01]} 48. Ne2 {[%clk
0:17:26]} Kf5 {[%clk 0:17:34]} 49. Nd4+ {[%clk 0:12:51]} Kg4 {[%clk 0:17:00]} 50.
Kf2 {[%clk 0:13:11]} h4 {[%clk 0:14:58]} 51. gxh4 {[%clk 0:13:39]} gxh4 {[%clk
0:15:23]} 52. Nc2 {[%clk 0:13:34]} Kf4 {[%clk 0:14:51]} 53. Nd4 {[%clk 0:03:37]}
Ke5 {[%clk 0:12:20]} 54. Ne2 {[%clk 0:02:51]} Ke4 {[%clk 0:12:10]} 55. Ng1 {[%clk
0:00:32]} Kd4 {[%clk 0:11:50]} 56. Nh3 {[%clk 0:00:28]} Kxc5 {[%clk 0:11:39]} 57.
Nf4 {[%clk 0:00:31]} Kc4 {[%clk 0:11:25]} 58. Ng6 {[%clk 0:00:43]} h3 {[%clk
0:09:35]} 0-1

[Event "Irena Warakomska Memorial 2019"]
[Site "Suwalki"]
[Date "2019.08.08"]
[Round "5"]
[White "Bachor, Tomasz"]
[Black "Dhulipalla Bala Chandra Prasad"]
[Result "0-1"]
[Board "17"]
[WhiteElo "2027"]
[WhiteCountry "POL"]
[WhiteFideId "21814694"]
[WhiteEloChange "-2"]
[BlackElo "2420"]
[BlackTitle "IM"]
[BlackCountry "IND"]
[BlackFideId "25005812"]
[BlackEloChange "1"]

1. d4 {[%clk 1:30:59]} d5 {[%clk 1:28:52]} 2. c4 {[%clk 1:31:19]} e6 {[%clk
1:29:17]} 3. Nc3 {[%clk 1:31:44]} a6 {[%clk 1:29:37]} 4. cxd5 {[%clk 1:32:04]}
exd5 {[%clk 1:30:01]} 5. Nf3 {[%clk 1:32:26]} Nf6 {[%clk 1:30:29]} 6. Bg5 {[%clk
1:32:44]} Be6 {[%clk 1:30:52]} 7. e3 {[%clk 1:32:42]} Nbd7 {[%clk 1:30:40]} 8.
Bd3 {[%clk 1:31:10]} h6 {[%clk 1:30:53]} 9. Bh4 {[%clk 1:25:36]} Be7 {[%clk
1:31:17]} 10. Qc2 {[%clk 1:24:36]} O-O {[%clk 1:28:39]} 11. O-O {[%clk 1:23:58]}
c6 {[%clk 1:25:53]} 12. h3 {[%clk 1:15:30]} Bd6 {[%clk 1:17:28]} 13. Ne2 {[%clk
1:10:41]} Rc8 {[%clk 1:13:36]} 14. Rac1 {[%clk 1:06:57]} Re8 {[%clk 1:07:23]} 15.
Qb1 {[%clk 0:58:27]} Qc7 {[%clk 0:58:25]} 16. Nd2 {[%clk 0:55:27]} Bb4 {[%clk
0:50:19]} 17. Bg3 {[%clk 0:50:18]} Qb6 {[%clk 0:44:41]} 18. Nc3 {[%clk 0:47:26]}
c5 {[%clk 0:40:09]} 19. a3 {[%clk 0:42:17]} c4 {[%clk 0:40:38]} 20. Bc2 {[%clk
0:36:48]} Bd6 {[%clk 0:35:28]} 21. Bxd6 {[%clk 0:31:20]} Qxd6 {[%clk 0:35:52]}
22. Rce1 {[%clk 0:29:27]} b5 {[%clk 0:30:36]} 23. f4 {[%clk 0:27:42]} Nf8 {[%clk
0:30:21]} 24. Nf3 {[%clk 0:26:24]} Rb8 {[%clk 0:29:02]} 25. Ne5 {[%clk 0:24:35]}
b4 {[%clk 0:21:09]} 26. axb4 {[%clk 0:24:18]} Rxb4 {[%clk 0:21:00]} 27. Nd1
{[%clk 0:23:32]} Reb8 {[%clk 0:20:20]} 28. Qc1 {[%clk 0:22:57]} Bc8 {[%clk
0:15:05]} 29. Rf2 {[%clk 0:20:27]} Ne8 {[%clk 0:14:00]} 30. g4 {[%clk 0:19:16]}
R4b6 {[%clk 0:12:29]} 31. Kh1 {[%clk 0:17:51]} Qe7 {[%clk 0:11:59]} 32. Rg1
{[%clk 0:17:12]} f6 {[%clk 0:08:37]} 33. Nf3 {[%clk 0:13:50]} Nd6 {[%clk
0:07:45]} 34. Rfg2 {[%clk 0:14:05]} Kh8 {[%clk 0:06:12]} 35. h4 {[%clk 0:12:53]}
Ne4 {[%clk 0:04:29]} 36. h5 {[%clk 0:08:48]} Qe8 {[%clk 0:03:46]} 37. Bxe4 {[%clk
0:07:24]} Qxe4 {[%clk 0:03:22]} 38. Nd2 {[%clk 0:06:53]} Qe8 {[%clk 0:03:19]} 39.
Rh2 {[%clk 0:06:42]} Nh7 {[%clk 0:02:05]} 40. Qc2 {[%clk 0:34:32]} Bd7 {[%clk
0:32:01]} 41. Nf3 {[%clk 0:20:22]} Ba4 {[%clk 0:27:40]} 42. Qf5 {[%clk 0:15:31]}
Bxd1 {[%clk 0:21:01]} 43. Rxd1 {[%clk 0:15:56]} Qxe3 {[%clk 0:20:06]} 44. Nh4
{[%clk 0:12:20]} Nf8 {[%clk 0:16:59]} 45. Ng6+ {[%clk 0:06:43]} Nxg6 {[%clk
0:16:39]} 46. hxg6 {[%clk 0:06:32]} Qf3+ {[%clk 0:16:56]} 47. Rg2 {[%clk
0:06:58]} Rxb2 {[%clk 0:16:18]} 48. Rg1 {[%clk 0:07:03]} Qh3+ {[%clk 0:16:38]}
49. Rh2 {[%clk 0:07:30]} Rxh2# {[%clk 0:17:02]} 0-1

[Event "Irena Warakomska Memorial 2019"]
[Site "Suwalki"]
[Date "2019.08.08"]
[Round "5"]
[White "Sharankov, Grigory"]
[Black "Walter, Szymon"]
[Result "1/2-1/2"]
[Board "28"]
[WhiteElo "2225"]
[WhiteCountry "RUS"]
[WhiteFideId "4168356"]
[WhiteEloChange "3"]
[BlackElo "2314"]
[BlackTitle "FM"]
[BlackCountry "POL"]
[BlackFideId "1172590"]
[BlackEloChange "-3"]

1. d4 {[%clk 1:30:30]} Nf6 {[%clk 1:30:49]} 2. c4 {[%clk 1:30:54]} e6 {[%clk
1:31:14]} 3. Nc3 {[%clk 1:31:09]} Bb4 {[%clk 1:31:39]} 4. g3 {[%clk 1:31:08]} c5
{[%clk 1:29:59]} 5. Nf3 {[%clk 1:31:27]} cxd4 {[%clk 1:28:40]} 6. Nxd4 {[%clk
1:31:47]} Ne4 {[%clk 1:21:43]} 7. Qd3 {[%clk 1:32:07]} Qa5 {[%clk 1:19:21]} 8.
Nb3 {[%clk 1:31:50]} Nxc3 {[%clk 1:05:28]} 9. Bd2 {[%clk 1:31:28]} Ne4 {[%clk
1:04:03]} 10. Qxe4 {[%clk 1:28:59]} Bxd2+ {[%clk 1:03:51]} 11. Nxd2 {[%clk
1:28:59]} O-O {[%clk 0:58:05]} 12. Bg2 {[%clk 1:26:37]} Nc6 {[%clk 0:46:54]} 13.
a3 {[%clk 1:22:19]} Rd8 {[%clk 0:25:00]} 14. Qh4 {[%clk 1:13:21]} d5 {[%clk
0:22:46]} 15. cxd5 {[%clk 1:11:39]} exd5 {[%clk 0:22:55]} 16. b4 {[%clk 1:11:53]}
Qb6 {[%clk 0:22:37]} 17. O-O {[%clk 1:08:15]} a5 {[%clk 0:15:36]} 18. bxa5 {[%clk
0:55:13]} Rxa5 {[%clk 0:15:56]} 19. a4 {[%clk 0:50:13]} Rc5 {[%clk 0:13:30]} 20.
Rfd1 {[%clk 0:45:19]} Be6 {[%clk 0:11:45]} 21. Rab1 {[%clk 0:21:28]} Qa6 {[%clk
0:10:55]} 22. e3 {[%clk 0:18:16]} Qa8 {[%clk 0:09:11]} 23. Bf1 {[%clk 0:16:36]}
h6 {[%clk 0:01:58]} 24. Nb3 {[%clk 0:06:01]} Rc3 {[%clk 0:01:55]} 25. Qf4 {[%clk
0:05:03]} Rc8 {[%clk 0:01:41]} 26. Nd4 {[%clk 0:05:11]} Nxd4 {[%clk 0:01:38]} 27.
Qxd4 {[%clk 0:04:12]} R8c7 {[%clk 0:01:52]} 28. Rb2 {[%clk 0:02:43]} Qc8 {[%clk
0:02:00]} 29. Be2 {[%clk 0:01:51]} Rc1 {[%clk 0:01:25]} 30. Rd2 {[%clk 0:02:04]}
R7c2 {[%clk 0:01:22]} 31. Rxc2 {[%clk 0:01:06]} Qxc2 {[%clk 0:01:36]} 32. Rxc1
{[%clk 0:01:20]} Qxc1+ {[%clk 0:01:36]} 33. Qd1 {[%clk 0:01:44]} Qxd1+ {[%clk
0:01:05]} 34. Bxd1 {[%clk 0:02:09]} Kf8 {[%clk 0:01:19]} 35. Kf1 {[%clk 0:01:43]}
Ke7 {[%clk 0:01:27]} 36. Ke2 {[%clk 0:01:56]} Kd6 {[%clk 0:01:35]} 37. Kd3 {[%clk
0:02:05]} Kc5 {[%clk 0:01:54]} 38. Kc3 {[%clk 0:02:29]} b6 {[%clk 0:01:41]} 39.
h4 {[%clk 0:01:53]} 1/2-1/2

[Event "Irena Warakomska Memorial 2019"]
[Site "Suwalki"]
[Date "2019.08.08"]
[Round "5"]
[White "Shpanko, Nadiia"]
[Black "Jankowiak, Tomasz"]
[Result "1/2-1/2"]
[Board "37"]
[WhiteElo "2233"]
[WhiteTitle "WFM"]
[WhiteCountry "UKR"]
[WhiteFideId "14132400"]
[WhiteEloChange "-5"]
[BlackElo "2045"]
[BlackCountry "POL"]
[BlackFideId "1185357"]
[BlackEloChange "5"]

1. c4 {[%clk 1:30:55]} e5 {[%clk 1:30:18]} 2. Nc3 {[%clk 1:31:14]} Nf6 {[%clk
1:30:42]} 3. Nf3 {[%clk 1:31:26]} Nc6 {[%clk 1:31:04]} 4. e3 {[%clk 1:31:38]} d5
{[%clk 1:25:17]} 5. cxd5 {[%clk 1:31:57]} Nxd5 {[%clk 1:25:42]} 6. Bb5 {[%clk
1:32:17]} Nxc3 {[%clk 1:25:35]} 7. bxc3 {[%clk 1:32:37]} Bd7 {[%clk 1:22:16]} 8.
d4 {[%clk 1:32:26]} Bd6 {[%clk 1:07:45]} 9. O-O {[%clk 1:27:58]} O-O {[%clk
1:03:05]} 10. Nd2 {[%clk 1:26:27]} exd4 {[%clk 0:48:56]} 11. cxd4 {[%clk
1:22:56]} Re8 {[%clk 0:47:15]} 12. Bb2 {[%clk 1:13:26]} Qg5 {[%clk 0:44:18]} 13.
Be2 {[%clk 1:11:00]} Ne7 {[%clk 0:26:59]} 14. Bf3 {[%clk 0:57:55]} Nf5 {[%clk
0:25:49]} 15. Re1 {[%clk 0:51:07]} Nh4 {[%clk 0:23:10]} 16. g3 {[%clk 0:42:00]}
Nxf3+ {[%clk 0:23:05]} 17. Qxf3 {[%clk 0:40:27]} Bc6 {[%clk 0:21:53]} 18. Qe2
{[%clk 0:40:23]} Bb4 {[%clk 0:21:22]} 19. Rad1 {[%clk 0:16:10]} Bxd2 {[%clk
0:18:58]} 20. Rxd2 {[%clk 0:16:33]} Qd5 {[%clk 0:19:11]} 21. e4 {[%clk 0:16:31]}
Rxe4 {[%clk 0:16:13]} 22. Qxe4 {[%clk 0:16:53]} Qxe4 {[%clk 0:16:39]} 23. Rxe4
{[%clk 0:17:17]} Bxe4 {[%clk 0:17:06]} 24. Re2 {[%clk 0:17:11]} Bc6 {[%clk
0:11:47]} 25. Re7 {[%clk 0:17:15]} Re8 {[%clk 0:11:59]} 26. Rxe8+ {[%clk
0:17:39]} Bxe8 {[%clk 0:12:25]} 27. Kf1 {[%clk 0:17:46]} f6 {[%clk 0:10:51]} 28.
Ke2 {[%clk 0:16:17]} Kf7 {[%clk 0:11:16]} 29. Kd3 {[%clk 0:14:11]} Ke6 {[%clk
0:11:30]} 30. Bc1 {[%clk 0:13:34]} g5 {[%clk 0:08:59]} 31. Ba3 {[%clk 0:12:21]}
Bb5+ {[%clk 0:08:56]} 32. Kc3 {[%clk 0:12:40]} g4 {[%clk 0:08:38]} 33. Bc1 {[%clk
0:11:11]} Kd5 {[%clk 0:08:50]} 34. Bf4 {[%clk 0:11:33]} c6 {[%clk 0:09:15]} 35.
Bb8 {[%clk 0:10:40]} a5 {[%clk 0:09:13]} 36. Bc7 {[%clk 0:10:33]} a4 {[%clk
0:09:27]} 37. a3 {[%clk 0:10:44]} Bc4 {[%clk 0:07:28]} 38. Bb6 {[%clk 0:07:07]}
f5 {[%clk 0:07:30]} 39. Kb4 {[%clk 0:06:52]} Bb3 {[%clk 0:07:43]} 40. Kc3 {[%clk
0:35:41]} Ke4 {[%clk 0:38:03]} 41. Kd2 {[%clk 0:26:04]} Kf3 {[%clk 0:37:18]} 42.
Ke1 {[%clk 0:26:28]} Bd5 {[%clk 0:24:00]} 43. Kf1 {[%clk 0:26:03]} Bc4+ {[%clk
0:24:15]} 44. Ke1 {[%clk 0:26:24]} h5 {[%clk 0:24:24]} 45. Bc5 {[%clk 0:25:14]}
b5 {[%clk 0:23:00]} 46. Kd2 {[%clk 0:25:37]} Kxf2 {[%clk 0:06:40]} 47. d5+ {[%clk
0:25:59]} Kf3 {[%clk 0:06:33]} 48. dxc6 {[%clk 0:26:15]} f4 {[%clk 0:06:21]} 49.
c7 {[%clk 0:26:07]} Be6 {[%clk 0:06:47]} 50. Bd6 {[%clk 0:22:39]} Kg2 {[%clk
0:04:45]} 51. Bxf4 {[%clk 0:22:53]} Kxh2 {[%clk 0:05:02]} 52. Kc3 {[%clk
0:23:09]} Kh3 {[%clk 0:05:20]} 53. Kb4 {[%clk 0:23:26]} h4 {[%clk 0:05:24]} 54.
gxh4 {[%clk 0:23:42]} Kxh4 {[%clk 0:05:49]} 55. Kxb5 {[%clk 0:24:03]} Bd7+ {[%clk
0:05:32]} 56. Kb6 {[%clk 0:22:04]} g3 {[%clk 0:05:08]} 57. Kb7 {[%clk 0:21:49]}
g2 {[%clk 0:05:33]} 58. Bh2 {[%clk 0:21:00]} Kg4 {[%clk 0:04:49]} 59. c8Q {[%clk
0:21:21]} Bxc8+ {[%clk 0:05:13]} 60. Kxc8 {[%clk 0:21:49]} Kf5 {[%clk 0:04:48]}
61. Kd7 {[%clk 0:21:13]} Ke4 {[%clk 0:05:08]} 62. Kc6 {[%clk 0:21:17]} Kd4 {[%clk
0:05:23]} 63. Kb5 {[%clk 0:21:13]} Kd5 {[%clk 0:04:03]} 64. Bg1 {[%clk 0:18:43]}
Kd6 {[%clk 0:06:07]} 65. Bh2+ {[%clk 0:18:48]} Kd5 {[%clk 0:06:21]} 66. Bg1
{[%clk 0:19:14]} Kd6 {[%clk 0:06:47]} 67. Kxa4 {[%clk 0:19:38]} Kc6 {[%clk
0:07:13]} 68. Kb4 {[%clk 0:20:04]} Kb7 {[%clk 0:07:40]} 69. Kb5 {[%clk 0:20:31]}
Ka8 {[%clk 0:08:06]} 70. Kb6 {[%clk 0:20:55]} Kb8 {[%clk 0:08:32]} 71. a4 {[%clk
0:21:23]} Ka8 {[%clk 0:08:59]} 72. a5 {[%clk 0:21:48]} Kb8 {[%clk 0:09:27]} 73.
a6 {[%clk 0:22:16]} Ka8 {[%clk 0:09:53]} 74. a7 {[%clk 0:22:44]} 1/2-1/2

[Event "Irena Warakomska Memorial 2019"]
[Site "Suwalki"]
[Date "2019.08.08"]
[Round "5"]
[White "Szostko, Jakub"]
[Black "Advait, Bagri"]
[Result "0-1"]
[Board "40"]
[WhiteElo "2245"]
[WhiteTitle "FM"]
[WhiteCountry "POL"]
[WhiteFideId "1174282"]
[WhiteEloChange "-14"]
[BlackElo "2079"]
[BlackTitle "CM"]
[BlackCountry "SGP"]
[BlackFideId "5820391"]
[BlackEloChange "14"]

1. e4 {[%clk 1:30:57]} e5 {[%clk 1:30:48]} 2. Nf3 {[%clk 1:31:23]} Nc6 {[%clk
1:31:11]} 3. Bb5 {[%clk 1:31:49]} a6 {[%clk 1:31:32]} 4. Ba4 {[%clk 1:32:16]} Nf6
{[%clk 1:31:54]} 5. O-O {[%clk 1:32:40]} Be7 {[%clk 1:32:14]} 6. Re1 {[%clk
1:33:00]} b5 {[%clk 1:32:35]} 7. Bb3 {[%clk 1:33:28]} d6 {[%clk 1:32:51]} 8. c3
{[%clk 1:33:52]} O-O {[%clk 1:33:10]} 9. d4 {[%clk 1:34:15]} Bg4 {[%clk 1:30:39]}
10. d5 {[%clk 1:34:35]} Na5 {[%clk 1:30:59]} 11. Bc2 {[%clk 1:34:59]} c6 {[%clk
1:30:39]} 12. h3 {[%clk 1:35:11]} Bc8 {[%clk 1:30:50]} 13. dxc6 {[%clk 1:35:18]}
Qc7 {[%clk 1:27:10]} 14. Nbd2 {[%clk 1:34:35]} Nxc6 {[%clk 1:19:50]} 15. Nf1
{[%clk 1:33:57]} h6 {[%clk 1:15:42]} 16. Ng3 {[%clk 1:31:42]} Rd8 {[%clk
1:14:04]} 17. Qe2 {[%clk 1:26:53]} Bf8 {[%clk 1:06:16]} 18. a4 {[%clk 1:21:45]}
b4 {[%clk 0:59:45]} 19. c4 {[%clk 1:18:33]} Be6 {[%clk 0:56:20]} 20. b3 {[%clk
1:17:02]} Nd7 {[%clk 0:53:54]} 21. Nf1 {[%clk 1:12:26]} Nc5 {[%clk 0:52:25]} 22.
Ne3 {[%clk 1:07:06]} Nd4 {[%clk 0:46:28]} 23. Qd1 {[%clk 1:05:50]} g6 {[%clk
0:45:00]} 24. Bb2 {[%clk 0:59:56]} Nxf3+ {[%clk 0:39:28]} 25. Qxf3 {[%clk
0:59:53]} a5 {[%clk 0:35:50]} 26. Qg3 {[%clk 0:50:31]} Bg7 {[%clk 0:35:08]} 27.
Rad1 {[%clk 0:48:36]} Qe7 {[%clk 0:32:14]} 28. Bc1 {[%clk 0:44:40]} Kh7 {[%clk
0:29:12]} 29. Nf5 {[%clk 0:35:57]} Qf8 {[%clk 0:16:10]} 30. Qh4 {[%clk 0:30:52]}
f6 {[%clk 0:15:23]} 31. Ne3 {[%clk 0:29:11]} Ra7 {[%clk 0:12:07]} 32. Qg3 {[%clk
0:24:50]} Re7 {[%clk 0:09:33]} 33. Qf3 {[%clk 0:24:50]} Kh8 {[%clk 0:08:13]} 34.
Nf1 {[%clk 0:18:08]} Bf7 {[%clk 0:06:16]} 35. Be3 {[%clk 0:17:47]} Qe8 {[%clk
0:05:46]} 36. Rxd6 {[%clk 0:16:24]} Ne6 {[%clk 0:04:07]} 37. Rxd8 {[%clk
0:14:59]} Qxd8 {[%clk 0:04:28]} 38. Rd1 {[%clk 0:14:50]} Rd7 {[%clk 0:04:37]} 39.
Rxd7 {[%clk 0:12:34]} Qxd7 {[%clk 0:05:00]} 40. Qd1 {[%clk 0:42:55]} Nd4 {[%clk
0:31:34]} 41. Bxd4 {[%clk 0:40:04]} exd4 {[%clk 0:30:26]} 42. Ne3 {[%clk
0:38:31]} Qa7 {[%clk 0:29:43]} 43. Nd5 {[%clk 0:38:10]} Bxd5 {[%clk 0:28:04]} 44.
exd5 {[%clk 0:38:08]} f5 {[%clk 0:26:47]} 45. Qe2 {[%clk 0:37:51]} Bf6 {[%clk
0:22:30]} 46. Qe8+ {[%clk 0:35:59]} Kg7 {[%clk 0:22:35]} 47. d6 {[%clk 0:13:19]}
d3 {[%clk 0:21:11]} 48. Bxd3 {[%clk 0:13:35]} Qd4 {[%clk 0:21:32]} 49. Qd7+
{[%clk 0:12:51]} Kh8 {[%clk 0:21:46]} 50. Qe6 {[%clk 0:11:59]} Kg7 {[%clk
0:14:49]} 51. Qd7+ {[%clk 0:09:42]} Kh8 {[%clk 0:15:10]} 52. Qe6 {[%clk 0:08:14]}
Kg7 {[%clk 0:15:31]} 53. Qd5 {[%clk 0:06:06]} Qxd5 {[%clk 0:15:47]} 54. cxd5
{[%clk 0:06:35]} Be5 {[%clk 0:15:57]} 55. d7 {[%clk 0:06:59]} Bc7 {[%clk
0:16:22]} 56. Kf1 {[%clk 0:06:25]} Kf6 {[%clk 0:15:40]} 57. Bb5 {[%clk 0:06:25]}
Ke5 {[%clk 0:15:11]} 58. Bc6 {[%clk 0:05:56]} Kd4 {[%clk 0:15:12]} 59. Ke2 {[%clk
0:05:56]} g5 {[%clk 0:10:28]} 60. Kf3 {[%clk 0:05:39]} Bd8 {[%clk 0:10:29]} 61.
d6 {[%clk 0:03:03]} Kc5 {[%clk 0:10:07]} 62. Bb5 {[%clk 0:03:30]} Kd4 {[%clk
0:08:23]} 63. Bc4 {[%clk 0:03:20]} Bb6 {[%clk 0:07:46]} 64. Be2 {[%clk 0:02:48]}
Kc3 {[%clk 0:08:04]} 65. Bc4 {[%clk 0:01:54]} Kd4 {[%clk 0:08:23]} 66. Bg8 {[%clk
0:02:11]} Bd8 {[%clk 0:07:58]} 67. Bc4 {[%clk 0:01:29]} Bb6 {[%clk 0:08:20]} 68.
h4 {[%clk 0:01:15]} Bd8 {[%clk 0:08:19]} 69. h5 {[%clk 0:01:39]} Bb6 {[%clk
0:08:11]} 70. Bg8 {[%clk 0:01:48]} Bd8 {[%clk 0:07:40]} 71. Bc4 {[%clk 0:02:03]}
Bb6 {[%clk 0:08:00]} 72. Bg8 {[%clk 0:01:10]} Bd8 {[%clk 0:08:17]} 73. Bh7 {[%clk
0:01:04]} Kc3 {[%clk 0:08:39]} 74. Bg8 {[%clk 0:00:47]} Kd4 {[%clk 0:09:03]} 75.
Bh7 {[%clk 0:01:15]} Kc3 {[%clk 0:09:31]} 76. Bxf5 {[%clk 0:00:39]} Kxb3 {[%clk
0:09:52]} 77. Ke4 {[%clk 0:01:08]} Kxa4 {[%clk 0:09:49]} 78. Kd5 {[%clk 0:01:27]}
b3 {[%clk 0:07:43]} 79. Kc5 {[%clk 0:00:33]} Ka3 {[%clk 0:07:39]} 80. Kb5 {[%clk
0:00:30]} a4 {[%clk 0:07:48]} 81. g3 {[%clk 0:00:48]} b2 {[%clk 0:07:29]} 82. Bc2
{[%clk 0:01:03]} g4 {[%clk 0:06:52]} 83. Kc6 {[%clk 0:00:44]} Kb4 {[%clk
0:06:36]} 84. Kb7 {[%clk 0:01:07]} a3 {[%clk 0:06:59]} 85. Bb1 {[%clk 0:01:36]}
Kb3 {[%clk 0:07:18]} 86. Kc8 {[%clk 0:02:06]} Ba5 {[%clk 0:06:52]} 87. d8Q {[%clk
0:02:24]} Bxd8 {[%clk 0:07:15]} 88. Kxd8 {[%clk 0:02:53]} a2 {[%clk 0:07:36]} 89.
Bxa2+ {[%clk 0:02:53]} Kxa2 {[%clk 0:08:00]} 0-1

[Event "Irena Warakomska Memorial 2019"]
[Site "Suwalki"]
[Date "2019.08.08"]
[Round "5"]
[White "Wolanski, Michal"]
[Black "Praczukowski, Stanislaw"]
[Result "1/2-1/2"]
[Board "43"]
[WhiteElo "2007"]
[WhiteCountry "POL"]
[WhiteFideId "1137778"]
[WhiteEloChange "3"]
[BlackElo "2126"]
[BlackCountry "POL"]
[BlackFideId "1182730"]
[BlackEloChange "-3"]

1. c4 {[%clk 1:30:55]} g6 {[%clk 1:30:51]} 2. g3 {[%clk 1:31:18]} Bg7 {[%clk
1:31:10]} 3. Bg2 {[%clk 1:31:42]} c5 {[%clk 1:31:23]} 4. Nc3 {[%clk 1:32:06]} Nc6
{[%clk 1:31:38]} 5. a3 {[%clk 1:32:29]} e6 {[%clk 1:29:07]} 6. b4 {[%clk
1:32:43]} d6 {[%clk 1:26:51]} 7. Rb1 {[%clk 1:32:26]} Nge7 {[%clk 1:26:48]} 8. e3
{[%clk 1:32:15]} O-O {[%clk 1:24:28]} 9. Nge2 {[%clk 1:32:26]} e5 {[%clk
1:14:02]} 10. O-O {[%clk 1:30:40]} Rb8 {[%clk 1:09:40]} 11. Qc2 {[%clk 0:58:47]}
Be6 {[%clk 1:03:49]} 12. Nd5 {[%clk 0:58:09]} Qd7 {[%clk 1:03:14]} 13. Nec3
{[%clk 0:44:59]} b6 {[%clk 0:41:00]} 14. b5 {[%clk 0:39:44]} Nd8 {[%clk 0:39:28]}
15. Nxe7+ {[%clk 0:35:36]} Qxe7 {[%clk 0:39:51]} 16. d3 {[%clk 0:35:40]} Qd7
{[%clk 0:38:33]} 17. Nd5 {[%clk 0:31:56]} Bh3 {[%clk 0:36:44]} 18. Bd2 {[%clk
0:30:18]} Bxg2 {[%clk 0:35:25]} 19. Kxg2 {[%clk 0:30:41]} Ne6 {[%clk 0:35:27]}
20. a4 {[%clk 0:30:06]} Nc7 {[%clk 0:32:17]} 21. Nxc7 {[%clk 0:30:15]} Qxc7
{[%clk 0:32:41]} 22. e4 {[%clk 0:30:35]} f5 {[%clk 0:31:58]} 23. f3 {[%clk
0:29:40]} Qe7 {[%clk 0:23:10]} 24. a5 {[%clk 0:28:40]} g5 {[%clk 0:21:50]} 25.
axb6 {[%clk 0:26:15]} axb6 {[%clk 0:22:05]} 26. g4 {[%clk 0:22:25]} fxg4 {[%clk
0:21:41]} 27. fxg4 {[%clk 0:21:44]} Rxf1 {[%clk 0:17:06]} 28. Rxf1 {[%clk
0:21:38]} Rf8 {[%clk 0:17:11]} 29. Rxf8+ {[%clk 0:21:28]} Kxf8 {[%clk 0:17:24]}
30. Qa4 {[%clk 0:20:18]} Bf6 {[%clk 0:16:33]} 31. Qa8+ {[%clk 0:15:52]} Kg7
{[%clk 0:14:59]} 32. Qc6 {[%clk 0:09:15]} Qa7 {[%clk 0:12:18]} 33. Kf2 {[%clk
0:08:36]} Be7 {[%clk 0:10:03]} 34. Qe8 {[%clk 0:07:41]} h6 {[%clk 0:09:15]} 35.
Qc8 {[%clk 0:06:40]} Qa1 {[%clk 0:07:57]} 36. Qb7 {[%clk 0:06:26]} Kf7 {[%clk
0:07:26]} 37. Qxb6 {[%clk 0:06:08]} Qh1 {[%clk 0:07:22]} 38. Ke2 {[%clk 0:04:22]}
Qxh2+ {[%clk 0:07:40]} 39. Kd1 {[%clk 0:04:44]} h5 {[%clk 0:07:30]} 40. Qc7
{[%clk 0:32:10]} Qh4 {[%clk 0:31:02]} 41. b6 {[%clk 0:30:30]} hxg4 {[%clk
0:30:55]} 42. b7 {[%clk 0:27:18]} g3 {[%clk 0:31:20]} 43. b8Q {[%clk 0:25:50]} g2
{[%clk 0:31:44]} 44. Be3 {[%clk 0:20:41]} Qh5+ {[%clk 0:29:27]} 45. Kd2 {[%clk
0:19:41]} Qh2 {[%clk 0:29:32]} 46. Kc3 {[%clk 0:14:16]} Qh1 {[%clk 0:29:43]} 47.
Qb2 {[%clk 0:07:32]} Qe1+ {[%clk 0:29:36]} 48. Qd2 {[%clk 0:07:33]} Qa1+ {[%clk
0:29:53]} 49. Kb3 {[%clk 0:07:41]} Qb1+ {[%clk 0:29:44]} 50. Ka4 {[%clk 0:07:16]}
Ke8 {[%clk 0:29:34]} 51. Qc8+ {[%clk 0:06:43]} Kf7 {[%clk 0:29:24]} 52. Qf5+
{[%clk 0:05:38]} Kg7 {[%clk 0:29:32]} 53. Qff2 {[%clk 0:05:25]} Qa1+ {[%clk
0:28:49]} 54. Kb5 {[%clk 0:04:53]} Qb1+ {[%clk 0:28:51]} 55. Qb2 {[%clk 0:05:01]}
g1Q {[%clk 0:29:03]} 56. Qxg1 {[%clk 0:03:48]} Qxb2+ {[%clk 0:29:14]} 57. Kc6
{[%clk 0:03:56]} Qa3 {[%clk 0:20:42]} 58. Kd7 {[%clk 0:02:56]} Kf7 {[%clk
0:17:25]} 59. Qf1+ {[%clk 0:02:45]} Bf6 {[%clk 0:18:10]} 60. Bxg5 {[%clk
0:02:32]} Qa7+ {[%clk 0:16:34]} 61. Kxd6 {[%clk 0:02:59]} Qa6+ {[%clk 0:15:36]}
62. Kxc5 {[%clk 0:03:04]} Qa5+ {[%clk 0:16:01]} 63. Kd6 {[%clk 0:02:43]} Qa6+
{[%clk 0:16:16]} 64. Kd5 {[%clk 0:02:40]} Qa8+ {[%clk 0:16:36]} 65. Kc5 {[%clk
0:02:43]} Qa5+ {[%clk 0:17:00]} 66. Kd6 {[%clk 0:02:52]} Qa6+ {[%clk 0:17:25]}
67. Kd5 {[%clk 0:03:13]} Qa8+ {[%clk 0:17:50]} 68. Kc5 {[%clk 0:03:32]} 1/2-1/2